000
00221nam a22000857a 4500
008
161013b xxu||||| |||| 00| 0 eng d
100
_9
820
_a
Lewis,C.S
245
_a
The Silver Chair
260
_a
NewYork
_b
Harper Publications
_c
2005
999
_c
3474
_d
3474